000 00323nam a22001457a 4500
020 _a978-8131304457
041 _aENG
100 _aS N Mahindru
245 _aFood Science & Technology
250 _a2 Edition
260 _aNew Delhi
_bA.P.H Publishing Corporation
_c2019
300 _a259
650 _aAPE
856 _uAPE
999 _c31
_d31